000 01320nam0a22003011 4500
001 rc\200437
005 20050420155046.1
035 _a(NLR Aleph) 008768746
090 _a7910679
_c7910679
100 _a20030307d1991 u |0rusy50 ca
101 0 _arus
102 _aRU
105 _aa |||||||||
200 1 _aТЕХНОЛОГИЧЕСКИЕ и технико-экономические аспекты литья по газифицируемым моделям
_e[Метод. рекомендации]
_fРесп. дом экон. и науч.-техн. пропаганды о-ва "Знание" УССР
_g[Подгот. д. т. н. В.С. Шуляком и др.]
210 _aКиев
_cРДЭНТЦ
_d1991
215 _a19 с.
_cил.
_d20
225 1 _aВ помощь лектору и специалисту
300 _aНа обл. загл. сер.: В помощь лектору
320 _aБиблиогр.: с. 19
606 1 _aЛитьё
_2nlr_sh1
702 1 _aШуляк
_bВ. С.
_gВалентин Саввич
_4570
712 0 2 _aУкраинский респ. дом экон. и науч.-техн. пропаганды
_cКиев
801 0 _aRU
_bNLR
_gpsbo
801 1 _aRU
_bELAR
_2rusmarc
801 2 _aRU
_bNLR
_c20050420
_2rusmarc
852 _aNLR
_j91-4/419
942 _cBOOK
980 _aNB